Top 15 des pays avec les décès de Covid-19 - 11 juillet - Statistiques

Statistiques générales
  • Ce quiz a été pris 32 fois
  • Le résultat moyen est 13 sur 19
Statistiques - réponses
pays % Correct
Etats-Unis
100%
France
100%
Inde
94%
Italie
88%
Russie
88%
Canada
84%
Espagne
81%
Mexique
81%
Brésil
75%
Royaume-Uni
75%
Allemagne
72%
Belgique
66%
Irlande
44%
Pays-Bas
44%
Pérou
44%
Suède
38%
Iran
31%
Chili
28%
Équateur
19%
Aucun quiz correspondant
Distribution des résultats
% des personnes avec chaque résultat
Percentile par nombre de réponses
Votre historique - résultats
Vous n’avez pas pris ce quiz